000 01699nam a2200385 a 4500
001 ebr10722837
003 CaPaEBR
006 m o u
007 cr cn|||||||||
008 130214s2013 gw a sb 000 0 eng d
010 _z 2013004776
020 _z9783631634653
020 _z9783653029345 (e-book)
040 _aCaPaEBR
_cCaPaEBR
035 _a(OCoLC)851417449
043 _ae-ur---
_aee-----
050 1 4 _aHQ2044.F6
_bB33 2013eb
082 0 4 _a305
_223
245 0 0 _aBack in the West
_h[electronic resource] :
_bchanging lifestyles in transforming societies /
_cAiri-Alina Allaste (ed.).
260 _aFrankfurt am Main [Germany] :
_bPeter Lang Edition,
_c2013.
300 _a265 p. :
_bill.
440 0 _aBaltische Studien zur Erziehungs- und Sozialwissenschaft,
_x1434-8748 ;
_vBd. 25
504 _aIncludes bibliographical references.
505 0 _apt. 1. Contextualising lifestyle trends in Estonia -- pt. 2. Lifestyle choices and identities in transforming society.
533 _aElectronic reproduction.
_bPalo Alto, Calif. :
_cebrary,
_d2013.
_nAvailable via World Wide Web.
_nAccess may be limited to ebrary affiliated libraries.
650 0 _aLifestyles
_zFormer Soviet republics.
650 0 _aGroup identity
_zFormer Soviet republics.
650 0 _aPost-communism
_zFormer Soviet republics.
651 0 _aFormer Soviet republics
_xSocial conditions
_y21st century.
651 0 _aEurope, Eastern
_xSocial conditions
_y1989-
655 7 _aElectronic books.
_2local
700 1 _aAllaste, Airi-Alina.
710 2 _aebrary, Inc.
856 4 0 _uhttp://site.ebrary.com/lib/rucke/Doc?id=10722837
_zAn electronic book accessible through the World Wide Web; click to view
999 _c39890
_d39890